| 000 | 00543nam a22001937a 4500 | ||
|---|---|---|---|
| 008 | 150527b xxu||||| |||| 00| 0 eng d | ||
| 020 | _a1557864144 | ||
| 041 | 0 | _aeng | |
| 080 | _a339 RIC | ||
| 100 | 1 | _aRicks, David A. | |
| 245 | 1 | 0 |
_aBlunders in international business / _cDavid A. Ricks. |
| 260 |
_aCambridge, Mass., USA : _bBlackwell Business, _c1993. |
||
| 300 |
_a172 f. ; _c22 cm. |
||
| 500 | _aPreface: f. [vii-ix] | ||
| 505 | _aIndex: f. 160 - 172 | ||
| 650 | 0 | _aBizneset ndërkombëtare | |
| 650 | 0 | _aOrganizimi | |
| 942 |
_2udc _cBK |
||
| 999 |
_c914 _d914 |
||